01371nam a2200325 i 4500001001000000003001000010005001700020007000300037008004100040020001800081040004700099041000800146082002400154110002300178245011600201264006200317264001200379300002600391336002700417337003300444338002800477505030000505563001400805650001800819710003600837942000700873945001200880952013600892999001701028768714001CO-MdFUSB20240618062724.0ta220809t2017 -usd|||| |||| 00| 0 eng d a9789719494607 aCO-MdFUSBbspacCO-MdFUSBdCO-MdFUSBCerda aeng 223a261.832bSCA287 aLausanne Movement,a aScattered to gather : bembracing the global trend of diasporac/ Lausanne Movement and Global Diaspora Network 1aQuezon City, Philippines : b Lausanne Movement, c[2017] 4c© 2017 a39 páginasc; 22 cm 2rdacontentatextobtxt 2rdamediaasin mediaciónbn 2rdacarrieravolumenbnc aDe Ciudad del Cabo a Manila y más allá: el movimiento de Lausana y los pueblos dispersos. -- "Diásporas" y la Misión de Dios. -- Declaración de Seúl sobre la misionología de la diáspora. -- Próximos pasos que puede tomar. -- Autores contribuyentes. -- Enlaces de la diáspora. aRústico 0aMisiones9154 97449aGlobal Diaspora Network,  cBK aJTF-925 00102ddc40708GENaFUSBCbFUSBCd2022-08-09l0oG 261.832 SCA287sp24652r2022-08-09 00:00:00tEj. 1w2022-08-09yBKk3IINV2023 c68056d68056